000 00879nam a22003017a 4500
003 CHAP
005 20220817041728.0
008 971013s1967 r 00010 d
010 _a22780
011 _a23752
035 _a27849
040 _cCHAP
082 _a519.7
_bD8
100 0 0 _aDuffin, Richard J.
_934412
245 _aGeometric programming; theory and application
260 _aNew York :
_bWiley,
_c1967
300 _a278 p.
590 _aBATCH-UPD
_b10
_c20130110
_lUCH01
_h1952
590 _aBATCH-UPD
_b10
_c20130410
_lUCH01
_h1313
590 _aBATCH-UPD
_b10
_c20130914
_lUCH01
_h1912
590 _aCONVERSION
_b10
_c20130109
_lUCH01
_h1313
650 1 4 _aProgramación.
700 0 _aPeterson, Elmor L.
_987617
700 0 _aZener, Clarence.
_9123892
901 _aBK
942 _cLIBRO
949 _a519.7 D8
_bBC
_cLIBRO
_d33724000387155
_eLIBRO
_h34898
_i27849
_si
999 _c22780
_d22780